000 00729nam a2200241Ia 4500
003 GCL
008 140319s9999 xx 000 0 ara d
040 _aGCL /
_cGCL
082 0 4 _a657.42
_bم ا
100 1 _aمحمد الفيومى
245 1 0 _aاصول محاسبة التكاليف /
_cمحمد الفيومى
260 _a[S.N] :
_bمؤسسة شباب الجامعة ،
_c1993
300 _a711 ص
490 _a
650 0 4 _aمحاسبة التكاليف
650 0 4 _aالحاسبات الالكترونية
650 0 4 _aالمحاسبة
650 0 4 _aالبرمجة
650 0 4 _aالتكاليف الصناعية
650 0 4 _aتنصيف التكاليف
650 0 4 _aاللوتس
942 _2ddc
_cBK
999 _c27922
_d27922